000 00363nam a2200157Ia 4500
008 230917s9999||||xx |||||||||||||| ||und||
020 _cGBP0.75
040 _e83459
_aMAIN
041 _aEnglish
082 _a843.4 V889Z
100 _aVoltaire
245 0 _aZadig L'ingenu
260 _aHarmondsworth
_bPenguin Books
_c1978
300 _a190 p.
942 _cBK
999 _c187530
_d187530